00518cam a2200181ua 450000100060000000800390000604000090004504100120005408200120006610000240007824500450010226000330014730000160018050000500019665300260024670000340027270000300030610307160304n2008 II |||gr||||Z||||||eng aMAIN aEnglish a570 DAS aDAS, KARUNA KANTA . aELEMENTS OF PRACTICAL BIOLOGY (For H.S.) aGUWAHATIbBINA LIBRARYc2008 a176:c20CM. aTransferred to Sanaskriti Junior College, SGC aLife sciences biology aDAS, KARUNA KANTA .,eAuthor. aCHAKRAVARTY, DR. ANUP KR.